|
|
|
|
| LEADER |
00000nas a2200000 a 4500 |
| 001 |
ssj0000491176 |
| 003 |
WaSeSS |
| 005 |
20200512172242.0 |
| 006 |
m d |
| 007 |
cr n |
| 008 |
980623c19909999pk fr p s 0 0eng |
| 010 |
|
|
|a 97930884
|
| 016 |
7 |
|
|a 010488232
|2 Uk
|
| 022 |
|
|
|l 1028-9097
|y 1028-9097
|
| 035 |
|
|
|a (WaSeSS)ssj0000491176
|
| 040 |
|
|
|a DLC
|b eng
|c DLC
|d OCLCQ
|d DLC
|d UKMGB
|d OCLCA
|d OCLCQ
|d OCLCA
|d OCLCF
|d OCLCO
|d EUW
|d OCLCO
|d LIP
|d XFH
|d WaSeSS
|
| 042 |
|
|
|a pcc
|
| 043 |
|
|
|a d------
|
| 050 |
0 |
0 |
|a BF636.A1
|b J635
|
| 245 |
0 |
0 |
|a Journal of behavioural sciences
|h [electronic resource].
|
| 260 |
|
|
|a Lahore, Pakistan :
|b Dept. of Applied Psychology, Punjab University,
|c 1990-
|
| 310 |
|
|
|a Semiannual
|
| 362 |
0 |
|
|a Vol. 1, no. 1 (June 1990)-
|
| 500 |
|
|
|a Title from cover.
|
| 506 |
|
|
|a License restrictions may limit access.
|
| 588 |
|
|
|a Latest issue consulted: Vol. 20, no. 2 (2010).
|
| 650 |
|
0 |
|a Psychology, Applied
|v Periodicals.
|
| 650 |
|
0 |
|a Psychology
|z Developing countries
|v Periodicals.
|
| 650 |
|
7 |
|a Psychology.
|2 fast
|0 (OCoLC)fst01081447
|
| 650 |
|
7 |
|a Psychology, Applied.
|2 fast
|0 (OCoLC)fst01081562
|
| 651 |
|
7 |
|a Developing countries.
|2 fast
|0 (OCoLC)fst01242969
|
| 655 |
|
0 |
|a Electronic journals.
|
| 710 |
2 |
|
|a University of the Punjab.
|b Department of Applied Psychology.
|
| 850 |
|
|
|a DLC
|
| 856 |
4 |
0 |
|z Full text available from Research Library: 01/01/2007 to present
|u https://search.proquest.com/publication/136244
|